Big and busy how things go : (Record no. 7517)
[ view plain ]
| 000 -LEADER | |
|---|---|
| fixed length control field | 01864nam a22002297a 4500 |
| 001 - CONTROL NUMBER | |
| control field | 7517 |
| 003 - CONTROL NUMBER IDENTIFIER | |
| control field | FISKH |
| 005 - DATE AND TIME OF LATEST TRANSACTION | |
| control field | 20250723084810.0 |
| 008 - FIXED-LENGTH DATA ELEMENTS--GENERAL INFORMATION | |
| fixed length control field | 250723b cb ||||| |||| 00| 0 eng d |
| 020 ## - INTERNATIONAL STANDARD BOOK NUMBER | |
| International Standard Book Number | 9780312506650 |
| 040 ## - CATALOGING SOURCE | |
| Original cataloging agency | FISKH |
| Language of cataloging | eng |
| Transcribing agency | FISKH |
| Modifying agency | FISKH |
| 050 ## - LIBRARY OF CONGRESS CALL NUMBER | |
| Classification number | PZ7 |
| 082 ## - DEWEY DECIMAL CLASSIFICATION NUMBER | |
| Classification number | 629.04 |
| 100 ## - MAIN ENTRY--PERSONAL NAME | |
| Personal name | Priddy, Roger |
| 245 ## - TITLE STATEMENT | |
| Title | Big and busy how things go : |
| Remainder of title | Take off on an amazing journey to discover how machines work / |
| 260 ## - PUBLICATION, DISTRIBUTION, ETC. | |
| Place of publication, distribution, etc. | New York ; |
| Name of publisher, distributor, etc. | Priddy Book, |
| Date of publication, distribution, etc. | 2009. |
| 300 ## - PHYSICAL DESCRIPTION | |
| Extent | 10 unnumbered pages : |
| Other physical details | color illustrations ; |
| Dimensions | 29 cm |
| 520 ## - SUMMARY, ETC. | |
| Summary, etc. | Roger Priddy left school at 16 with just one qualification--in art. He went to Berkshire College of Art and Design and trained as an illustrator. His first job in children's books was working with the publisher Peter Usborne, at Usborne Publishing, and then he worked with Peter Kindersley at Dorling Kindersley, where he spent 16 years. Priddy became Creative Director of DK's Children's Division and was Managing Director of the children's mass market publisher Funfax when it was acquired by DK. In 2000, he created Priddy Books with John Sargent at St Martin's Press to create innovative and imaginative titles for children, from first books for babies through early reference titles for older children. Since then, over 30 million copies of Roger's 200 plus books have sold worldwide, with five of his books--My Big Animal,My Big Truck,Happy Baby Words,Happy Baby Colors andPuppy and Friends--each selling over one million copies. He is also the author ofBig Board First 100 Words;Big Board Books Colors,ABC,Numbers; andBright Baby Noisy Monsters. His creativity has been recognized with numerous industry awards. Priddy lives in London with his wife Zena and their four children. |
| 650 ## - SUBJECT ADDED ENTRY--TOPICAL TERM | |
| Topical term or geographic name entry element | Science |
| Form subdivision | Space |
| General subdivision | Transportation |
| Chronological subdivision | Cars and Trucks |
| 942 ## - ADDED ENTRY ELEMENTS (KOHA) | |
| Source of classification or shelving scheme | Dewey Decimal Classification |
| Koha item type | Books |
| Suppress in OPAC | No |
| Withdrawn status | Lost status | Source of classification or shelving scheme | Damaged status | Not for loan | Collection | Home library | Current library | Shelving location | Date acquired | Total Checkouts | Full call number | Barcode | Date last seen | Copy number | Price effective from | Koha item type |
|---|---|---|---|---|---|---|---|---|---|---|---|---|---|---|---|---|
| Dewey Decimal Classification | Non-Fiction | Footprints International School Library Network Toul Kork Campus | Footprints International School Library Network Toul Kork Campus | A TK Campus, 4th Floor, Room B401, Non-Fiction Bookcases(7-8) | 07/23/2025 | PRI 629.04 PZ7 | 2025-2778 | 07/23/2025 | 1 | 07/23/2025 | Books | |||||
| Dewey Decimal Classification | Non-Fiction | Footprints International School Library Network Toul Kork Campus | Footprints International School Library Network Toul Kork Campus | A TK Campus, 4th Floor, Room B401, Non-Fiction Bookcases(7-8) | 08/27/2025 | PRI 629.04 PZ7 | 2025-4260 | 08/27/2025 | 2 | 08/27/2025 | Books |
